[Event "HUN-chT2 Barcza 1314"]
[Site "Hungary"]
[Date "2014.04.27"]
[Round "11"]
[White "Zabiak, Jozsef"]
[Black "Bartha, Laszlo"]
[Result "1-0"]
[WhiteElo "2203"]
[BlackElo "2042"]
[PlyCount "87"]
[EventDate "2013.09.08"]
[EventType "team-tourn"]
[EventRounds "11"]
[EventCountry "HUN"]
[SourceTitle "EXT 2016"]
[Source "ChessBase"]
[SourceDate "2015.10.08"]
[SourceVersion "1"]
[SourceVersionDate "2015.10.08"]
[SourceQuality "1"]
[WhiteTeam "Sajobabony"]
[BlackTeam "Tiszavasvar"]
[WhiteTeamCountry "HUN"]
[BlackTeamCountry "HUN"]

1. d4 Nf6 2. e3 d5 3. Bd3 g6 4. f4 Bg7 5. Nf3 Nbd7 6. Ne5 Ne4 7. Nc3 Ndf6 8. Qf3 Nxc3 9. bxc3 0-0 10. 0-0 c5 11. Ba3 c4 12. Be2 Ne4 13. Bxc4 Nd2 14. Qxd5 Qxd5 15. Bxd5 Nxf1 16. Rxf1 Bf6 17. g4 Be6 18. Bxb7 Rab8 19. Be4 Bxe5 20. fxe5 Bxa2 21. Bxe7 Rfc8 22. Bb4 Rb5 23. Ra1 a5 24. Bd3 Bc4 25. Bxc4 Rxc4 26. Bxa5 Rb2 27. Bb4 h5 28. Rc1 hxg4 29. d5 Ra2 30. d6 Ra7 31. Rd1 Rd7 32. Rd4 Rc8 33. c4 Kf8 34. c5 Ke8 35. Rc4 Rc6 36. Rxg4 Rb7 37. Kf2 Kd7 38. Ke2 Ke6 39. Rd4 Rd7 40. Re4 Rb7 41. Kd3 Rc8 42. Kc4 Rc6 43. Rf4 Rc8 44. Bc3 1-0

[Event "HUN-chT2 Barcza 1112 "]
[Site "Hungary"]
[Date "2011.10.30"]
[Round "2"]
[White "Sallai, Janos"]
[Black "Bartha, Laszlo"]
[Result "0-1"]
[WhiteElo "2035"]
[BlackElo "2040"]
[PlyCount "68"]
[EventDate "2011.09.25"]
[EventType "team-tourn"]
[EventRounds "11"]
[EventCountry "HUN"]
[SourceTitle "EXT 2013"]
[Source "ChessBase"]
[SourceDate "2012.11.22"]
[SourceVersion "1"]
[SourceVersionDate "2012.11.22"]
[SourceQuality "1"]
[WhiteTeam "Mezokovesd"]
[BlackTeam "Tiszavasvar"]
[WhiteTeamCountry "HUN"]
[BlackTeamCountry "HUN"]

1. e4 c5 2. Nf3 d6 3. d4 cxd4 4. Nxd4 Nf6 5. Nc3 a6 6. Be2 e6 7. Be3 Qc7 8. Qd2 Nbd7 9. f4 b6 10. Bf3 Bb7 11. g4 Nc5 12. Qg2 e5 13. Nf5 g6 14. Ng3 Ne6 15. f5 Nf4 16. Qf2 Nd7 17. h4 f6 18. g5 Be7 19. gxf6 Bxf6 20. Qd2 0-0-0 21. 0-0-0 Be7 22. Bxf4 exf4 23. Qxf4 Ne5 24. Be2 Rhf8 25. Qh6 Rf7 26. Rhf1 Rdf8 27. fxg6 hxg6 28. h5 Qd8 29. Rf5 Rxf5 30. Qg7 R5f7 31. Qxe5 dxe5 32. Rxd8+ Kxd8 33. hxg6 Rg7 34. Bh5 Rfg8 0-1

[Event "HUN-chT2 Barcza 1011"]
[Site "Hungary"]
[Date "2011.03.27"]
[Round "7.2"]
[White "Bartha, Laszlo"]
[Black "Ligart, Tamas"]
[Result "1-0"]
[WhiteElo "2040"]
[BlackElo "2280"]
[PlyCount "75"]
[EventDate "2010.09.12"]
[EventType "team-tourn"]
[EventRounds "11"]
[EventCountry "HUN"]
[SourceTitle "EXT 2012"]
[Source "ChessBase"]
[SourceDate "2011.11.24"]
[SourceVersion "1"]
[SourceVersionDate "2011.11.24"]
[SourceQuality "1"]
[WhiteTeam "Tiszavasvar"]
[BlackTeam "Edeleny"]
[WhiteTeamCountry "HUN"]
[BlackTeamCountry "HUN"]

1. d4 d6 2. g3 g6 3. Bg2 Bg7 4. Nf3 c5 5. dxc5 Qa5+ 6. c3 Qxc5 7. Be3 Qc7 8. 0-0 Nf6 9. h3 0-0 10. Na3 a6 11. Qd2 Rd8 12. Bh6 Bh8 13. Ng5 Nc6 14. e4 b5 15. Rad1 Bb7 16. Nc2 Rac8 17. Ne3 e6 18. Kh2 Ne5 19. f4 Nc4 20. Nxc4 Qxc4 21. f5 Nxe4 22. fxg6 hxg6 23. Bxe4 Bxe4 24. Rf4 f5 25. Nxe4 fxe4 26. Re1 d5 27. Rg4 Kf7 28. Qf4+ Ke7 29. Bg5+ Kd7 30. Bxd8 Rxd8 31. Rxg6 Re8 32. Qe3 Qxa2 33. Re2 Kc6 34. Rf2 Be5 35. Qa7 Bd6 36. Rg7 Rb8 37. Qd7+ Kc5 38. b4+ 1-0

[Event "HUN-chT2 Barcza 0910"]
[Site "Hungary"]
[Date "2010.04.11"]
[Round "9.5"]
[White "Kovacs, Laszlo2"]
[Black "Bartha, Laszlo"]
[Result "1/2-1/2"]
[WhiteElo "2106"]
[BlackElo "2085"]
[PlyCount "61"]
[EventDate "2009.11.08"]
[EventType "team-tourn"]
[EventRounds "11"]
[EventCountry "HUN"]
[SourceTitle "EXT 2011"]
[Source "ChessBase"]
[SourceDate "2010.11.26"]
[SourceVersion "1"]
[SourceVersionDate "2010.11.26"]
[SourceQuality "1"]
[WhiteTeam "HSSE"]
[BlackTeam "Tiszavasvar"]
[WhiteTeamCountry "HUN"]
[BlackTeamCountry "HUN"]

1. Nf3 c5 2. g3 d5 3. Bg2 e6 4. 0-0 Nf6 5. c4 Nc6 6. d4 cxd4 7. Nxd4 Qb6 8. Nxc6 bxc6 9. Nc3 Be7 10. cxd5 exd5 11. e4 dxe4 12. Nxe4 Nd5 13. Qc2 0-0 14. Re1 h6 15. a3 Be6 16. b4 a5 17. bxa5 Rxa5 18. Rb1 Rb5 19. Rxb5 Qxb5 20. Bf1 Qb7 21. Nc5 Bxc5 22. Qxc5 Ra8 23. Bd2 Qb2 24. Bb4 Nxb4 25. axb4 Bd5 26. Bg2 Ra1 27. Qe3 Rb1 28. Bxd5 cxd5 29. Qe8+ Kh7 30. Rxb1 Qxb1+ 31. Kg2 1/2-1/2

[Event "HUN-chT2 Barcza 0809"]
[Site "Hungary"]
[Date "2009.04.05"]
[Round "10.4"]
[White "Farkas, Adam"]
[Black "Bartha, Laszlo"]
[Result "1/2-1/2"]
[WhiteElo "2060"]
[BlackElo "2091"]
[PlyCount "56"]
[EventDate "2008.10.26"]
[EventType "tourn"]
[EventRounds "11"]
[EventCountry "HUN"]
[SourceTitle "EXT 2010"]
[Source "ChessBase"]
[SourceDate "2010.11.25"]
[SourceVersion "1"]
[SourceVersionDate "2010.11.25"]
[SourceQuality "1"]
[WhiteTeam "DEAC"]
[BlackTeam "Tiszavasvar"]
[WhiteTeamCountry "HUN"]
[BlackTeamCountry "HUN"]

1. e4 c5 2. Nf3 d6 3. d4 cxd4 4. Nxd4 a6 5. Nc3 Nf6 6. f3 e6 7. Be3 Be7 8. Qd2 Qc7 9. 0-0-0 Nc6 10. g4 0-0 11. g5 Nd7 12. h4 Nxd4 13. Bxd4 b5 14. Kb1 Bb7 15. h5 b4 16. Ne2 e5 17. Be3 Rfc8 18. Bh3 a5 19. g6 a4 20. Ng3 b3 21. cxb3 axb3 22. Rc1 Rxa2 23. Rxc7 Rca8 24. Qa5 R2xa5 25. Kc1 Rc8 26. Rxc8+ Bxc8 27. Kd2 Ra8 28. gxh7+ Kh8 1/2-1/2

[Event "HUN-chT2 Barcza 0809"]
[Site "Hungary"]
[Date "2009.02.22"]
[Round "8.4"]
[White "Bartha, Laszlo"]
[Black "Hajbok, Robert"]
[Result "0-1"]
[WhiteElo "2091"]
[BlackElo "2217"]
[PlyCount "62"]
[EventDate "2008.10.26"]
[EventType "tourn"]
[EventRounds "11"]
[EventCountry "HUN"]
[SourceTitle "EXT 2010"]
[Source "ChessBase"]
[SourceDate "2010.11.25"]
[SourceVersion "1"]
[SourceVersionDate "2010.11.25"]
[SourceQuality "1"]
[WhiteTeam "Tiszavasvar"]
[BlackTeam "Nyiregyhaza"]
[WhiteTeamCountry "HUN"]
[BlackTeamCountry "HUN"]

1. d4 Nf6 2. Nf3 g6 3. c4 Bg7 4. Nc3 0-0 5. g3 d6 6. Bg2 c6 7. 0-0 Qa5 8. Qc2 e5 9. dxe5 dxe5 10. Bd2 Qc7 11. Rad1 Nbd7 12. b4 h6 13. a3 Re8 14. Nh4 Nf8 15. e4 Ne6 16. Ne2 Nd7 17. Be3 b6 18. f4 exf4 19. gxf4 Nef8 20. e5 Bb7 21. Nd4 Rad8 22. Qf2 f6 23. e6 Nxe6 24. Nxg6 Nxd4 25. Bxd4 c5 26. bxc5 bxc5 27. Bb2 Nb6 28. Bxb7 Qxb7 29. Qxc5 Rxd1 30. Rxd1 Qf3 31. Rf1 Qg4+ 0-1

[Event "HUN-chT2 Barcza 0809"]
[Site "Hungary"]
[Date "2008.11.02"]
[Round "2.4"]
[White "Bartha, Laszlo"]
[Black "Toth, Janos"]
[Result "1-0"]
[WhiteElo "2091"]
[BlackElo "2138"]
[PlyCount "121"]
[EventDate "2008.10.26"]
[EventType "tourn"]
[EventRounds "11"]
[EventCountry "HUN"]
[SourceTitle "EXT 2010"]
[Source "ChessBase"]
[SourceDate "2010.11.25"]
[SourceVersion "1"]
[SourceVersionDate "2010.11.25"]
[SourceQuality "1"]
[WhiteTeam "Tiszavasvar"]
[BlackTeam "TEVA SE"]
[WhiteTeamCountry "HUN"]
[BlackTeamCountry "HUN"]

1. d4 Nf6 2. c4 e6 3. a3 d5 4. e3 Be7 5. Nf3 0-0 6. Nc3 b6 7. cxd5 exd5 8. Bd3 Bb7 9. 0-0 Nbd7 10. Bf5 c5 11. Ne5 g6 12. Nxd7 Nxd7 13. Bh3 Nf6 14. b3 Qc7 15. Bb2 Rad8 16. g3 c4 17. Bg2 a6 18. bxc4 dxc4 19. e4 b5 20. d5 Qb6 21. Qf3 Nd7 22. Ne2 Bd6 23. Bd4 Qc7 24. Qe3 Rfe8 25. Nc3 f5 26. f3 f4 27. Qd2 fxg3 28. hxg3 Nc5 29. Bxc5 Bxc5+ 30. Kh2 Qe5 31. Bh3 Qd6 32. f4 b4 33. axb4 Bxb4 34. Bg2 Qf6 35. Rac1 Qg7 36. Bf3 a5 37. e5 g5 38. Qd4 g4 39. Be4 Qh6+ 40. Kg2 Qh3+ 41. Kf2 Qh2+ 42. Bg2 Bxc3 43. Qxc3 Bxd5 44. Rg1 Rb8 45. Kf1 Bf3 46. Qxc4+ Kh8 47. e6 Bxg2+ 48. Rxg2 Qh1+ 49. Kf2 Rb2+ 50. Rc2 Rb1 51. Qe2 Kg8 52. Qxg4+ Kh8 53. Qe2 Kg8 54. Rc7 Qh6 55. f5 Qf6 56. Qg4+ Kf8 57. Rf7+ Qxf7 58. exf7 Kxf7 59. Qc4+ Kg7 60. Qc7+ Kg8 61. f6 1-0

[Event "HUN-chT2 Barcza 0708"]
[Site "Hungary"]
[Date "2007.10.14"]
[Round "1"]
[White "Bartha, Laszlo"]
[Black "Barabas, Tibor"]
[Result "0-1"]
[WhiteElo "2086"]
[BlackElo "2108"]
[PlyCount "76"]
[EventDate "2007.10.14"]
[EventType "team-tourn"]
[EventRounds "11"]
[EventCountry "HUN"]
[SourceTitle "EXT 2009"]
[Source "ChessBase"]
[SourceDate "2008.11.26"]
[SourceVersion "1"]
[SourceVersionDate "2008.11.26"]
[SourceQuality "1"]
[WhiteTeam "Tiszavasvar"]
[BlackTeam "Mezokovesd"]
[WhiteTeamCountry "HUN"]
[BlackTeamCountry "HUN"]

1. d4 Nf6 2. Nf3 d5 3. g3 g6 4. Bg2 Bg7 5. 0-0 0-0 6. Nc3 c6 7. h3 Bf5 8. Kh2 Ne4 9. Nh4 Nd6 10. Nxf5 Nxf5 11. e3 e5 12. dxe5 Bxe5 13. Ne2 Nd7 14. Nd4 Nd6 15. f4 Bg7 16. g4 Nc5 17. c3 Nce4 18. Bxe4 Nxe4 19. Nf3 Re8 20. Qe1 Nd6 21. Qf2 Qb6 22. Re1 Re7 23. Nh4 Rae8 24. Ng2 a5 25. Qc2 Qc5 26. Qd3 a4 27. Bd2 Ne4 28. Rac1 Qc4 29. Qxc4 dxc4 30. Re2 Rd7 31. Be1 b5 32. Nh4 Rd3 33. Nf3 a3 34. Nd4 axb2 35. Rxb2 Rxe3 36. Nxc6 Bxc3 37. Bxc3 Nxc3 38. Nd4 Ne2 0-1

[Event "HUN-chT2 Barcza 0607"]
[Site "Hungary"]
[Date "2007.03.04"]
[Round "6"]
[White "Bartha, Laszlo"]
[Black "Kelemen, Imre"]
[Result "1/2-1/2"]
[WhiteElo "2101"]
[BlackElo "2101"]
[PlyCount "98"]
[EventDate "2006.11.12"]
[EventType "team-tourn"]
[EventRounds "11"]
[EventCountry "HUN"]
[SourceTitle "EXT 2008"]
[Source "ChessBase"]
[SourceDate "2007.11.25"]
[SourceVersion "1"]
[SourceVersionDate "2007.11.25"]
[SourceQuality "1"]
[WhiteTeam "Tiszavasvar"]
[BlackTeam "Lokomotiv"]
[WhiteTeamCountry "HUN"]
[BlackTeamCountry "HUN"]

1. d4 Nf6 2. Nf3 g6 3. c4 c5 4. Nc3 cxd4 5. Nxd4 Nc6 6. e4 Bg7 7. Be3 Ng4 8. Qxg4 Nxd4 9. Qd1 e5 10. Bd3 0-0 11. 0-0 d6 12. Kh1 f5 13. f4 exf4 14. Bxf4 g5 15. Be3 f4 16. Bxd4 Bxd4 17. Nd5 Bxb2 18. Rb1 Be5 19. Be2 b6 20. Bg4 Bb7 21. Rb3 Bxd5 22. Qxd5+ Kg7 23. Rh3 Qf6 24. Rff3 Rae8 25. Rh5 h6 26. h4 Rh8 27. Rh3 Qe7 28. hxg5 hxg5 29. Qd1 Rxh5 30. Rxh5 Rh8 31. Bf5 Qe8 32. Rxh8 Qxh8+ 33. Kg1 Kf8 34. Bh3 Qh4 35. Kf1 Qg3 36. Qf3 Qh4 37. Ke2 Ke7 38. Bf5 Qh1 39. Qg4 Qc1 40. Qxg5+ Bf6 41. Qg8 Qc2+ 42. Kf3 Qd3+ 43. Kxf4 Be5+ 44. Kg5 Qg3+ 45. Bg4 Bf6+ 46. Kh6 Qh4+ 47. Bh5 Qf4+ 48. Kh7 Qxe4+ 49. Qg6 Qxg6+ 1/2-1/2

[Event "HUN-chT2 Barcza 0607"]
[Site "Hungary"]
[Date "2007.02.18"]
[Round "5"]
[White "Ballai, Zsolt"]
[Black "Bartha, Laszlo"]
[Result "1-0"]
[WhiteElo "2300"]
[BlackElo "2101"]
[PlyCount "61"]
[EventDate "2006.11.12"]
[EventType "team-tourn"]
[EventRounds "11"]
[EventCountry "HUN"]
[SourceTitle "EXT 2008"]
[Source "ChessBase"]
[SourceDate "2007.11.25"]
[SourceVersion "1"]
[SourceVersionDate "2007.11.25"]
[SourceQuality "1"]
[WhiteTeam "Hajduboszormeny"]
[BlackTeam "Tiszavasvar"]
[WhiteTeamCountry "HUN"]
[BlackTeamCountry "HUN"]

1. d4 d5 2. c4 e6 3. Nc3 Nf6 4. cxd5 exd5 5. Bg5 Be7 6. e3 c6 7. Qc2 Nbd7 8. Bd3 h6 9. Bf4 0-0 10. h3 Re8 11. Nge2 Nf8 12. 0-0-0 b5 13. g4 N6h7 14. Rdg1 a5 15. Ng3 Bg5 16. Nce2 Be6 17. Nf5 Bxf5 18. gxf5 Kh8 19. Be5 Bf6 20. f4 Nd7 21. Kb1 Rc8 22. Qd1 Rg8 23. Ng3 Bh4 24. Nh5 Ndf6 25. Rxg7 Rxg7 26. Nxg7 Kxg7 27. Qg4+ Kf8 28. Qxh4 h5 29. Rg1 Ke7 30. Rg7 Qf8 31. Qg3 1-0

[Event "HUN-chT2 Barcza 0506"]
[Site "Hungary"]
[Date "2006.04.23"]
[Round "11"]
[White "Sallai, Janos"]
[Black "Bartha, Laszlo"]
[Result "1-0"]
[WhiteElo "2050"]
[BlackElo "2125"]
[PlyCount "49"]
[EventDate "2005.10.16"]
[EventType "team-tourn"]
[EventRounds "11"]
[EventCountry "HUN"]
[SourceTitle "EXT 2009"]
[Source "ChessBase"]
[SourceDate "2008.11.26"]
[SourceVersion "1"]
[SourceVersionDate "2008.11.26"]
[SourceQuality "1"]
[WhiteTeam "Mezokovesd"]
[BlackTeam "Tiszavasvar"]
[WhiteTeamCountry "HUN"]
[BlackTeamCountry "HUN"]

1. e4 c5 2. Nf3 d6 3. d4 cxd4 4. Nxd4 Nf6 5. Nc3 a6 6. Bg5 e6 7. Qd2 Be7 8. 0-0-0 Qc7 9. f4 Nc6 10. Be2 Nxd4 11. Qxd4 0-0 12. Kb1 Ne8 13. Bxe7 Qxe7 14. g4 b5 15. f5 Bb7 16. Rhg1 Rc8 17. Bd3 Qc7 18. Qf2 Qe7 19. h4 b4 20. Ne2 e5 21. g5 d5 22. f6 Qe6 23. exd5 Qd6 24. h5 g6 25. Ng3 1-0